Birtokvétel
Z majetku grófa Gábora Lónyaya v Drahňove odkúpili tamojší gazdovia 150 jutár lúk po 1200 siahach za 700 korún. Z majetku toho istého grófa v Slavkovciach hodlajú odkúpiť tamojší gazdovia 100 katastrálnych jutár.
| Médium: | Článok |
|---|---|
| Jazyk: | Hungarian |
| Témy: | |
| Zdroj: |
1. Felsö-Zemplén 1. Roč. 14, č. 44 (11.11.1909) s. 2 |
| LEADER | 00977nab#a2200301#ar4500 | ||
|---|---|---|---|
| 001 | 000075331 | ||
| 003 | SVKKK | ||
| 005 | 20060121xxxxxxx. | ||
| 008 | 06 c xo huno | ||
| FMT | |||
| 038 | |a SVKKK | ||
| 040 | |a SVKKK |b slo |e AACR2 | ||
| 041 | 0 | |a hun | |
| 044 | |a xo |c SK | ||
| 080 | |a 333 | ||
| 242 | 1 | 0 | |a Kúpa majetku |
| 245 | 0 | 0 | |a Birtokvétel |
| 520 | 2 | |a Z majetku grófa Gábora Lónyaya v Drahňove odkúpili tamojší gazdovia 150 jutár lúk po 1200 siahach za 700 korún. Z majetku toho istého grófa v Slavkovciach hodlajú odkúpiť tamojší gazdovia 100 katastrálnych jutár. | |
| 650 | 0 | 4 | |a statky - statok, Drahňov - odpredaj čiastočný - Lónyay, Gabriel (gróf) (majiteľ-predajca) - Drahňov - rok 1909 - správy |
| 773 | 0 | |t Felsö-Zemplén |g Roč. 14, č. 44 (11.11.1909) s. 2 | |
| 957 | |a Drahňov | ||
| 957 | |a Slavkovce | ||
| 958 | |a DG | ||
| 958 | |a SK | ||
| 974 | |a Ba |d 20060121 | ||
| 992 | |a RBX | ||
| BAS | |||
| 998 | |a RETRO | ||